Informatika - praktikum

Salvato in:
Dettagli Bibliografici
Autore principale: Pólya, Attila
Ente Autore: Ekonomická univerzita v Bratislave. Obchodná fakulta
Altri autori: Poláček, Marian, Škvarčeková, Oľga, Žák, Štefan, 1971-, Hečko, Ivan
Natura: Libro
Lingua:slovacco
Pubblicazione: Bratislava Vydavateľstvo EKONÓM 2014
Edizione:1. vyd.
Soggetti:
Tags: Aggiungi Tag
Nessun Tag, puoi essere il primo ad aggiungerne!!

MARC

LEADER 00000nam$a2200000$$$4500
001 0191326
005 20240502073221.0
020 |a 978-80-225-3924-1 
041 0 |a slo 
044 |a SK 
245 1 0 |a Informatika - praktikum  |c Attila Pólya, Marian Poláček, Oľga Škvarčeková ; recenzenti Štefan Žák, Ivan Hečko 
250 |a 1. vyd. 
264 1 |a Bratislava  |b Vydavateľstvo EKONÓM  |c 2014 
300 |a 218 s. [12,40 AH]  |e CD-ROM 
610 2 0 |a informatika 
610 2 0 |a procesory tabuľkové 
610 2 0 |a technológie komunikačné 
610 2 0 |a technológie informačné 
610 2 0 |a programovanie 
100 1 |a Pólya, Attila 
700 1 |a Poláček, Marian 
700 1 |a Škvarčeková, Oľga 
700 1 |a Žák, Štefan, 1971- 
700 1 |a Hečko, Ivan 
710 2 |a Ekonomická univerzita v Bratislave. Obchodná fakulta